000 01164nab a22002177a 4500
999 _c5959
_d5959
003 OSt
005 20260114133834.0
008 190605e xxu||||| |||| 00| 0 spa d
040 _cPJ
100 _96799
_aLeal Fadel, María Isabel
245 1 3 _aLa concepción de empresa creada por la Ley de Contrato de Trabajo. Un enfoque social y estructural de la normativa /
_cMaría Isabel Leal Fadel.
260 _aCiudad Autónoma de Buenos Aires :
_bThomson Reuters La Ley,
_c2024.
300 _ap. 5-10
500 _aCita: TR LALEY AR/DOC/2625/2024.
505 _aSumario: I. La creación del concepto de empresa en la LCT.— II. Caracterización de la empresa como organización social.— III. Empresa como superestructura jurídica.— IV. Reflexiones sobre nuevas formas de modernización laboral.
505 _t¿Te interesa el texto completo? Solicitalo al correo: koha@justierradelfuego.gov.ar
650 0 _91316
_aDERECHO LABORAL
650 0 _91383
_aLEY DE CONTRATO DE TRABAJO
773 0 _02711
_93168
_dCiudad Autónoma de Buenos Aires : Thomson Reuters La Ley, 1999-2002.
_tRevista de derecho del trabajo. Nº 6 - Noviembre 2024
942 _2udc
_cANA